Pays interdisant l'alcool - Statistiques

Statistiques générales
  • Ce quiz a été pris 301 fois
  • Le résultat moyen est 4 sur 8
Statistiques - réponses
Réponse % Correct
Arabie Saoudite
88%
Iran
81%
Afghanistan
69%
Yémen
61%
Libye
46%
Koweït
44%
Somalie
37%
Brunei
20%
Aucun quiz correspondant
Distribution des résultats
% des personnes avec chaque résultat
Percentile par nombre de réponses
Votre historique - résultats
Vous n’avez pas pris ce quiz